000 01501cam a22003977a 4500
003 CHAP
005 20220329142920.0
008 050217d1987 mx b r 00110 spa d
010 _a89612
011 _a90584
035 _a101140
040 _cCHAP
082 0 4 _a333.72
_bT8
100 0 0 _aTreviño R. Antonio,
_ecomp.
_9114877
245 1 0 _aRecursos de Coahuila :
_bel desarrollo agropecuario y forestal como base fundamental del sector económico del estado y en particular de Coahuila
_c/comp. por Antonio Treviño R.
260 _aBuenavista, Saltillo, Coah. :
_bUniversidad Autónoma Agraria Antonio Narro,
_c1987.
300 _a313 p. :
_bilus. ; mapas
590 _aBATCH-UPD
_b10
_c20130110
_lUCH01
_h0450
590 _aBATCH-UPD
_b10
_c20130410
_lUCH01
_h0127
590 _aBATCH-UPD
_b10
_c20130914
_lUCH01
_h0505
590 _aCONVERSION
_b10
_c20130109
_lUCH01
_h1350
650 1 4 _aAgricultura
_xCoahuila.
_91365
650 1 4 _aAyuda técnica.
_99035
650 1 4 _aBosques
_xCoahuila.
_914111
650 1 4 _aCrédito agrícola
_xCoahuila.
_929043
650 1 4 _aGanadería
_xCoahuila.
_944672
650 1 4 _aIndustrias agrícolas
_zCoahuila.
_957975
650 1 4 _aRecursos naturales
_xCoahuila.
_995217
650 1 4 _aSalarios
_xCoahuila.
_9101266
650 1 4 _aSeguridad social rural.
_9103689
650 1 4 _aTierras
_xTenencia
_xCoahuila.
_9113152
901 _aBK
905 _aAlejandra Carrasco M.
942 _cLIBRO
949 _a333.72 T8
_bBC
_cLIBRO
_d33724000795704
_eLIBRO
_h104803
_i101140
_sb
999 _c89612
_d89612